[Event "Madrid-chT Honor"]
[Site "Madrid"]
[Date "2010.01.17"]
[Round "6"]
[White "Vallejo Diaz, Javier"]
[Black "Tamayo Romay, Javier"]
[Result "1-0"]
[WhiteElo "2310"]
[BlackElo "2232"]
[PlyCount "39"]
[EventDate "2009.11.22"]
[EventType "team-tourn"]
[EventRounds "13"]
[EventCountry "ESP"]
[SourceTitle "EXT 2011"]
[Source "ChessBase"]
[SourceDate "2010.11.26"]
[SourceVersion "1"]
[SourceVersionDate "2010.11.26"]
[SourceQuality "1"]

1. e4 c6 2. d4 d5 3. Nd2 dxe4 4. Nxe4 Bf5 5. Ng3 Bg6 6. h4 h6 7. Nh3 e5 8. dxe5 Qa5+ 9. c3 Qxe5+ 10. Be2 Bc5 11. Bf4 Qe7 12. h5 Bh7 13. 0-0 Nf6 14. b4 Bb6 15. Bd6 Qd7 16. Re1 Kd8 17. Bxb8 Rxb8 18. Qb3 Qc7 19. c4 c5 20. Bd3 1-0

[Event "ESP-chT Gp1"]
[Site "Burguillos"]
[Date "2008.08.16"]
[Round "5"]
[White "Prieto Honorato, Jose Carlos"]
[Black "Tamayo Romay, Javier"]
[Result "0-1"]
[WhiteElo "2080"]
[BlackElo "2217"]
[PlyCount "76"]
[EventDate "2008.08.13"]
[EventType "team"]
[EventRounds "6"]
[EventCountry "ESP"]
[SourceTitle "CBM 126 Extra"]
[Source "ChessBase"]
[SourceDate "2008.11.05"]
[SourceVersion "1"]
[SourceVersionDate "2008.11.05"]
[SourceQuality "1"]

1. e4 c5 2. Nf3 Nc6 3. c3 Nf6 4. Bd3 d6 5. h3 e6 6. Bc2 Be7 7. d3 0-0 8. 0-0 Qc7 9. Bf4 Qb6 10. b3 e5 11. Bh2 Re8 12. Nfd2 Qd8 13. Nc4 b5 14. Ne3 b4 15. Nd5 Be6 16. c4 Nd4 17. Nd2 Nxd5 18. cxd5 Bd7 19. f4 exf4 20. Bxf4 Bg5 21. Bxg5 Qxg5 22. Nf3 Qe3+ 23. Rf2 f5 24. Nxd4 Qxd4 25. Rb1 Re7 26. Qf3 Rf8 27. Re1 Qc3 28. Ref1 Rf6 29. Qd1 Qe5 30. Qd2 Qd4 31. Kh1 fxe4 32. Rxf6 gxf6 33. Qf4 e3 34. Qg3+ Rg7 35. Qf3 f5 36. Bb1 Qe5 37. Kg1 Rg3 38. Qf4 e2 0-1

[Event "Burgas op 17th"]
[Site "Ourense"]
[Date "2008.07.06"]
[Round "4"]
[White "De Sousa da Silva, Armando"]
[Black "Tamayo Romay, Javier"]
[Result "1-0"]
[WhiteElo "2031"]
[BlackElo "2217"]
[PlyCount "105"]
[EventDate "2008.07.03"]
[EventType "swiss"]
[EventRounds "9"]
[EventCountry "ESP"]
[SourceTitle "CBM 125 Extra"]
[Source "ChessBase"]
[SourceDate "2008.09.01"]
[SourceVersion "1"]
[SourceVersionDate "2008.09.01"]
[SourceQuality "1"]

1. d4 f5 2. c4 Nf6 3. Nc3 d6 4. Nf3 g6 5. g3 Bg7 6. Bg2 0-0 7. 0-0 Qe8 8. Nd5 Nxd5 9. cxd5 Nd7 10. Ng5 Nb6 11. Ne6 Bxe6 12. dxe6 d5 13. Bf4 c6 14. a4 Qc8 15. a5 Nc4 16. b3 Nd6 17. a6 Nb5 18. axb7 Qxb7 19. e3 Qc8 20. Qc2 Rf6 21. Rfc1 Qxe6 22. Be5 Rff8 23. Bxg7 Kxg7 24. Qxc6 Qxc6 25. Rxc6 Rf6 26. Bxd5 Rd8 27. Rxf6 Kxf6 28. Bc4 Rb8 29. Ra5 Nd6 30. Rxa7 g5 31. h3 h5 32. Kg2 g4 33. h4 Rc8 34. Ra6 Kg7 35. Ra4 Rb8 36. Ra5 Rb4 37. Rc5 Kf6 38. Kg1 Rb8 39. Bd5 e6 40. Rc6 Ke7 41. Bc4 Kd7 42. Ra6 Rb7 43. Kf1 Rc7 44. Ra4 Ne4 45. Ke1 Ke7 46. Ra8 Kf6 47. Ra6 Re7 48. d5 Rc7 49. Rxe6+ Kg7 50. d6 Ra7 51. Re7+ Rxe7 52. dxe7 Nd6 53. Bb5 1-0

[Event "Burgas op 17th"]
[Site "Ourense"]
[Date "2008.07.03"]
[Round "1"]
[White "Tamayo Romay, Javier"]
[Black "Palacios Gonzalez, Miguel"]
[Result "1-0"]
[WhiteElo "2217"]
[BlackElo "1588"]
[PlyCount "73"]
[EventDate "2008.07.03"]
[EventType "swiss"]
[EventRounds "9"]
[EventCountry "ESP"]
[SourceTitle "CBM 125 Extra"]
[Source "ChessBase"]
[SourceDate "2008.09.01"]
[SourceVersion "1"]
[SourceVersionDate "2008.09.01"]
[SourceQuality "1"]

1. e4 c5 2. d4 cxd4 3. c3 dxc3 4. Nxc3 Nc6 5. Nf3 a6 6. Bc4 e6 7. a4 Nge7 8. Bg5 f6 9. Be3 Ng6 10. 0-0 Be7 11. Qe2 0-0 12. Rfd1 d6 13. Ba2 b6 14. Rac1 Nge5 15. Nxe5 Nxe5 16. Nd5 Rb8 17. Bxb6 Qe8 18. Bc7 exd5 19. Bxd5+ Kh8 20. Bxb8 Bg4 21. f3 Bxf3 22. gxf3 Qxb8 23. Rc3 Qb6+ 24. Kg2 Ng6 25. Kh1 Nf4 26. Qd2 g5 27. Rb3 Qd8 28. Rb7 Qe8 29. Rg1 Qh5 30. Rg3 Bd8 31. b4 Qh4 32. a5 Nh5 33. Rg4 Qh3 34. Qg2 Qxg2+ 35. Rxg2 Nf4 36. Rc2 Ng6 37. Rc8 1-0

[Event "Madrid-ch sf-A"]
[Site "Madrid"]
[Date "2008.01.14"]
[Round "4"]
[White "Ballesteros Gonzalez, David"]
[Black "Tamayo Romay, Javier"]
[Result "1-0"]
[WhiteElo "2285"]
[BlackElo "2214"]
[PlyCount "99"]
[EventDate "2008.01.07"]
[EventType "swiss"]
[EventRounds "9"]
[EventCountry "ESP"]
[SourceTitle "CBM 122 Extra"]
[Source "ChessBase"]
[SourceDate "2008.03.04"]
[SourceVersion "1"]
[SourceVersionDate "2008.03.04"]
[SourceQuality "1"]

1. d4 f5 2. c4 Nf6 3. Nc3 g6 4. g3 Bg7 5. Bg2 0-0 6. Nf3 d6 7. 0-0 Qe8 8. d5 Na6 9. Be3 h6 10. h3 c6 11. Nd4 Bd7 12. Rb1 Rc8 13. Ne6 Bxe6 14. dxe6 Nc7 15. Qb3 Nxe6 16. Qxb7 Rc7 17. Qa6 f4 18. Bxf4 Nxf4 19. gxf4 Nh5 20. e3 e5 21. fxe5 Bxe5 22. Rbe1 g5 23. Qa4 Qc8 24. Qd1 Qe8 25. Ne4 Qg6 26. Bf3 Nf6 27. Nxf6+ Qxf6 28. Bxc6 Bxb2 29. Bd5+ Kh8 30. Qg4 Rh7 31. Qe6 Qxe6 32. Bxe6 Re7 33. Bd5 Ba3 34. Rb1 Bc5 35. Rb3 Kg7 36. Kg2 h5 37. Rfb1 Bb6 38. Rb5 Kf6 39. a4 Rc8 40. a5 Bd8 41. a6 Bb6 42. Rxb6 axb6 43. Rxb6 Ra7 44. Rxd6+ Kg7 45. e4 Rac7 46. Bb7 Rf8 47. Bd5 Rfc8 48. Rb6 Ra7 49. Rb7+ Rxb7 50. Bxb7 1-0